000
00353nam a2200169Ia 4500
100
_a
Croce/Pat
650
_a
General
942
_c
BK
366
_f
20
654
_a
feel great
245
_a
I feel great and you will too
260
_b
Viva Books
_a
Mumbai
_c
2006
082
_a
658.409/CRO
_b
CRO
300
_a
259
546
_a
ENGLISH
999
_c
31820
_d
31820